[Event "Challengers Cup 2018"]
[Site "?"]
[Date "2018.10.27"]
[Round "1"]
[White "Vignesh, Anand"]
[Black "Lorenzo, Patton Jr"]
[Result "1-0"]
[WhiteElo "1996"]
[BlackElo "1627"]
[PlyCount "41"]

1. d4 Nf6 2. Bf4 e6 3. Nf3 b6 4. e3 Bb7 5. Nbd2 d5 6. Bd3 Bd6 7. Ne5 c5 8. Bb5+
Ke7 9. c3 Qc7 10. Bg3 a6 11. Bd3 Nbd7 12. f4 h6 13. O-O Ne4 14. Bxe4 dxe4 15.
f5 Nxe5 16. dxe5 Bxe5 17. fxe6 fxe6 18. Qh5 Bxg3 19. Rf7+ Kd8 20. Rxc7 Bxc7 21.
Qf7 1-0

[Event "Challengers Cup 2018"]
[Site "?"]
[Date "2018.10.28"]
[Round "4"]
[White "Anthony, Hung"]
[Black "Alex, Beck"]
[Result "0-1"]
[WhiteElo "1981"]
[BlackElo "1762"]
[PlyCount "74"]

1. c4 Nf6 2. Nf3 g6 3. g3 Bg7 4. Bg2 d6 5. O-O O-O 6. d4 c5 7. d5 Nbd7 8. Nc3
Ng4 9. e4 Nge5 10. Qe2 Qa5 11. Nd2 Nb6 12. a3 Bg4 13. f3 Bd7 14. Rb1 Qa6 15.
Nb5 Rac8 16. b3 Qa5 17. Bb2 Bxb5 18. cxb5 c4 19. bxc4 Nexc4 20. Nxc4 Nxc4 21.
Bxg7 Kxg7 22. Bh3 Rc5 23. Rfc1 Qc7 24. Kh1 Kg8 25. a4 Ra8 26. Rb3 a6 27. Rbc3
axb5 28. axb5 Nb6 29. Rxc5 dxc5 30. f4 c4 31. Qb2 Qc5 32. Qe5 Ra2 33. f5 Qf2
34. Qb8+ Kg7 35. Qe5+ f6 36. Qxe7+ Kh6 37. Qf8+ Kg5 0-1

[Event "Challengers Cup 2018"]
[Site "?"]
[Date "2018.10.28"]
[Round "4"]
[White "Lorenzo, Patton Jr"]
[Black "Frank, Fagundes"]
[Result "1/2-1/2"]
[WhiteElo "1627"]
[BlackElo "1789"]
[PlyCount "13"]

1. d4 Nf6 2. c4 e6 3. Nc3 Bb4 4. e3 O-O 5. Nf3 d5 6. Bd3 c5 7. O-O Nc6
8. h3 Re8 9. cxd5 exd5 10. dxc5 Bxc5 11. a3 a5 12. Re1 Ne4 13. Qc2 f5 14. Rd1
Nxc3 15. Qxc3 Qe7 16. Bxf5 Bxf5 17. Rxd5 Bb4 18. axb4 axb4 19. Rxa8 bxc3 20.
Rxe8+ Qxe8 21. Rxf5 Qe4 22. Rc5 cxb2 23. Bxb2 Qd3 24. Rc1 h6 25. Re1 Qc2 26.
Ba3 Qc3 27. Bd6 b5 28. e4 b4 29. e5 b3 30. Ba3 b2 31. Bxb2 Qxb2 32. e6 Kf8 33.
Re3 g5 34. Ne1 Ke7 35. Nd3 Qd4 36. Ne1 Ne5 37. Nf3 Qd1+ 38. Kh2 Ng6 39. Re1 Qc2
40. Kg1 Nf4 41. Nd4 Qc5 42. Re4 Qxd4 43. Rxd4 Ne2+ 44. Kh2 Nxd4 45. Kg3 Kxe6
46. Kg4 Kf6 47. Kh5 Kg7 48. h4 Ne6 49. g3 gxh4 50. Kxh4 Kg6 51. f4 Nd4 52. g4
Nf3+ 53. Kg3 Nd4 54. Kh4 Ne2 55. g5 1/2-1/2

[Event "Challengers Cup 2018"]
[Site "?"]
[Date "2018.10.28"]
[Round "4"]
[White "Sophie, Velea"]
[Black "Rowan, Foxley"]
[Result "1/2-1/2"]
[WhiteElo "1799"]
[BlackElo "1568"]
[PlyCount "126"]

1. e4 c5 2. Nf3 d6 3. Bb5+ Nd7 4. c3 Ngf6 5. Qe2 a6 6. Ba4 b5 7. Bc2 e5 8. O-O
Be7 9. d4 O-O 10. Rd1 Qc7 11. Be3 Nb6 12. d5 Ng4 13. Bc1 f5 14. exf5 Bxf5 15.
b3 Bxc2 16. Qxc2 c4 17. h3 Nf6 18. Ng5 Qd7 19. Be3 Nbxd5 20. Rxd5 h6 21. Rd1
hxg5 22. Bxg5 d5 23. Nd2 Nh5 24. Qg6 Nf4 25. Bxf4 Rxf4 26. Nf3 Rxf3 27. gxf3
Qxh3 28. Qg3 Qxg3+ 29. fxg3 Bc5+ 30. Kg2 d4 31. Re1 Ba3 32. bxc4 bxc4 33. Rxe5
dxc3 34. Re2 Rd8 35. Kf1 Rd3 36. Rf2 Bc5 37. Rc2 Rxf3+ 38. Kg2 Rd3 39. Re1 Be3
40. Ree2 Rd2 41. Kf3 Rxc2 42. Rxc2 Bd2 43. Ke2 Kf7 44. a4 Ke6 45. Ra2 Kd5 46.
Kd1 Ke4 47. Kc2 Kf3 48. Ra1 Kg2 49. a5 g5 50. g4 Kg3 51. Rb1 Kxg4 52. Rb6 Kf5
53. Rxa6 g4 54. Rb6 g3 55. a6 g2 56. Rb1 Be3 57. Kxc3 g1=Q 58. Rxg1 Bxg1 59.
Kxc4 Ba7 60. Kb5 Bg1 61. Kc6 Bf2 62. Kb7 Bg1 63. a7 Bxa7 1/2-1/2

[Event "Challengers Cup 2018"]
[Site "?"]
[Date "2018.10.27"]
[Round "4"]
[White "Harley, Greninger"]
[Black "David, Bragg"]
[Result "1-0"]
[WhiteElo "2123"]
[BlackElo "2222"]
[PlyCount "125"]

1. d4 Nf6 2. c4 c5 3. d5 b5 4. cxb5 a6 5. f3 e6 6. e4 Bd6 7. Nc3 O-O 8. Be3 Qa5
9. dxe6 Be5 10. exf7+ Rxf7 11. Bd2 axb5 12. Nxb5 Qb6 13. Bc3 Bxc3+ 14. bxc3 d5
15. e5 Qe6 16. f4 Ne4 17. g3 Qc6 18. Bd3 Ba6 19. a4 d4 20. Nf3 dxc3 21. O-O Rd7
22. Qc2 Rxd3 23. Qxd3 Nd7 24. Rad1 Nb6 25. Rfe1 Bb7 26. Qxe4 Qxe4 27. Rxe4 Bxe4
28. Ng5 c2 29. Rc1 Bd3 30. Na3 h6 31. Nf3 Rxa4 32. Nxc2 Nc4 33. Nce1 Be4 34.
Rd1 Ne3 35. Rd8+ Kf7 36. h3 Nf5 37. Kf2 c4 38. g4 Ne7 39. f5 Nxf5 40. gxf5 Bxf5
41. Kg3 c3 42. Nd4 Be4 43. e6+ Ke7 44. Rd7+ Ke8 45. Nb5 Bg6 46. Nd6+ Kf8 47.
e7+ Kg8 48. Rd8+ Kh7 49. e8=Q Bxe8 50. Rxe8 Ra2 51. Rc8 Rd2 52. Nb5 Re2 53. Nf3
c2 54. Nbd4 Re7 55. Rxc2 Ra7 56. Rc6 Rb7 57. h4 Ra7 58. h5 Rb7 59. Nh4 Ra7 60.
Ng6 Rb7 61. Kg4 Rf7 62. Rc8 Rf4+ 63. Nxf4 1-0

[Event "Challengers Cup 2018"]
[Site "?"]
[Date "2018.10.28"]
[Round "4"]
[White "Peter, Watts"]
[Black "Ignacio, Perez"]
[Result "0-1"]
[WhiteElo "2020"]
[BlackElo "2200"]
[PlyCount "68"]

1. d4 Nf6 2. Nf3 g6 3. g3 Bg7 4. Bg2 O-O 5. O-O d6 6. Nbd2 Nbd7 7. e4 e5 8.
dxe5 dxe5 9. b3 Qe7 10. a4 Rd8 11. Qe2 Nc5 12. Bb2 Bg4 13. h3 Bxf3 14. Bxf3 Qd7
15. Nc4 Qxh3 16. Bxe5 Ncxe4 17. Bxe4 Ng4 18. f4 Bf8 19. Rf3 Bc5+ 20. Ne3 Nxe3
21. b4 Rd2 22. Qxd2 Nf1+ 23. Qf2 Bxf2+ 24. Rxf2 Nxg3 25. Bxb7 Re8 26. Bg2 Qg4
27. Bxc7 h5 28. Kh2 Re3 29. f5 Qh4+ 30. Kg1 Ne2+ 31. Kf1 Qc4 32. Bh2 Nc1+ 33.
Kg1 Re1+ 34. Bf1 Ne2+ 0-1

[Event "Challengers Cup 2018"]
[Site "?"]
[Date "2018.10.28"]
[Round "4"]
[White "Rushaan, Mahajan"]
[Black "Vignesh, Anand"]
[Result "0-1"]
[WhiteElo "2078"]
[BlackElo "1996"]
[PlyCount "79"]

1. d4 Nf6 2. Bf4 d5 3. e3 g6 4. Nf3 Bg7 5. c4 c5 6. Nc3 Nc6 7. Rc1 cxd4 8. Nxd4
O-O 9. Be2 Nxd4 10. Qxd4 Be6 11. Be5 dxc4 12. Qxd8 Rfxd8 13. Nb5 Ne8 14. Bxg7
Kxg7 15. Rc3 a6 16. Nd4 Bd5 17. Bxc4 Bxg2 18. Rg1 Bd5 19. Bxd5 Rxd5 20. Ke2 e5
21. Nb3 Rad8 22. Rgc1 Nf6 23. f3 e4 24. f4 Rh5 25. Rc7 Rxh2+ 26. Ke1 Nd5 27.
Rxb7 Nxe3 28. Re7 Ng2+ 29. Kf2 Nh4+ 30. Kg3 Nf5+ 31. Kxh2 Nxe7 32. Rc4 f5 33.
Kg1 Rd1+ 34. Kf2 Kf7 35. Rc3 Nd5 36. Rc6 Nxf4 37. Rxa6 Rb1 38. Ke3 Nd3 39. a4
Rxb2 40. Ra7+ 0-1

[Event "Challengers Cup 2018"]
[Site "?"]
[Date "2018.10.27"]
[Round "1"]
[White "Dereque, Kelly"]
[Black "Sylvain, Gaeremynck"]
[Result "1-0"]
[WhiteElo "2139"]
[BlackElo "1838"]
[PlyCount "47"]

1. d4 Nf6 2. c4 g6 3. Nc3 Bg7 4. e4 d6 5. Nf3 O-O 6. Be2 Nbd7 7. O-O e5 8. Re1
c6 9. Bf1 Ne8 10. Bg5 f6 11. Be3 f5 12. exf5 gxf5 13. dxe5 dxe5 14. Bc5 e4 15.
Bxf8 Bxf8 16. Ne5 Qe7 17. Nxd7 Bxd7 18. Nb1 Nf6 19. f3 e3 20. Qd4 Bh6 21. Qh4
Qf8 22. Rd1 Re8 23. c5 Re5 24. Qg3+ 1-0

[Event "Challengers Cup 2018"]
[Site "?"]
[Date "2018.10.27"]
[Round "1"]
[White "Frank, Fagundes"]
[Black "Joseph, Truelson"]
[Result "0-1"]
[WhiteElo "1789"]
[BlackElo "2145"]
[PlyCount "58"]

1. c4 e5 2. Nc3 Nc6 3. g3 g6 4. Bg2 Bg7 5. d3 Nge7 6. Bg5 h6 7. Bd2 d6 8. e3
Be6 9. Nge2 Qd7 10. Nd5 O-O 11. O-O Nd8 12. Rc1 c6 13. Nxe7+ Qxe7 14. Nc3 f5
15. f4 e4 16. Qe2 d5 17. cxd5 cxd5 18. d4 Nc6 19. Na4 Rac8 20. Qb5 Bxd4 21. Nc5
Bxc5 22. Rxc5 d4 23. Rfc1 Rfd8 24. Bf1 d3 25. a4 Qf7 26. R1c3 Rd5 27. a5 a6 28.
Qb6 Qd7 29. Rxc6 bxc6 0-1

[Event "Challengers Cup 2018"]
[Site "?"]
[Date "2018.10.27"]
[Round "1"]
[White "Ignacio, Perez"]
[Black "Alex, Kaelin"]
[Result "1-0"]
[WhiteElo "2200"]
[BlackElo "1824"]
[PlyCount "55"]

1. d4 e6 2. e4 d5 3. Nc3 Nf6 4. Bg5 dxe4 5. Nxe4 Be7 6. Bxf6 gxf6 7. Bc4 f5 8.
Ng3 Bf6 9. Nf3 a6 10. O-O b5 11. Bb3 c5 12. c3 cxd4 13. cxd4 h5 14. Re1 Kf8 15.
Rc1 h4 16. Ne2 Bb7 17. Nf4 Qd6 18. Nxe6+ fxe6 19. Rxe6 Qd8 20. Rc7 Qxc7 21.
Rxf6+ Kg7 22. Rxf5 Rh6 23. Ne5 Qd6 24. Qg4+ Rg6 25. Rf7+ Kh8 26. Nxg6+ Kg8 27.
Ne7+ Kh8 28. Qg8# 1-0

[Event "Challengers Cup 2018"]
[Site "?"]
[Date "2018.10.27"]
[Round "1"]
[White "Peter, Watts"]
[Black "Richard, Tang"]
[Result "1-0"]
[WhiteElo "2020"]
[BlackElo "1790"]
[PlyCount "13"]

1. d4 Nf6 2. Nf3 d5 3. e3 Bf5 4. Be2 e6 5. Nh4 Bg6 6. Nxg6 hxg6 7.
O-O Bd6 8. h3 c6 9. c4 dxc4 10. Bxc4 g5 11. Be2 Bc7 12. Nc3 Qd6 13. f4 gxf4 14.
exf4 Nbd7 15. Qd3 O-O-O 16. Be3 g5 17. b4 Nf8 18. b5 Ng6 19. bxc6 gxf4 20. Nb5
Qb4 21. Nxa7+ Kb8 22. Rfb1 Qa5 23. Rxb7+ Ka8 24. Nb5 Bb6 25. Bd2 1-0

[Event "Challengers Cup 2018"]
[Site "?"]
[Date "2018.10.27"]
[Round "1"]
[White "Alec, Beck"]
[Black "Harley, Greninger"]
[Result "0-1"]
[WhiteElo "1762"]
[BlackElo "2123"]
[PlyCount "50"]

1. d4 d5 2. c4 e6 3. Nc3 c5 4. cxd5 exd5 5. Nf3 Nf6 6. Bg5 Be7 7. e3 O-O 8. Rc1
c4 9. Be2 h6 10. Bh4 Nc6 11. Qc2 Nb4 12. Qb1 g6 13. Bxf6 Bxf6 14. e4 dxe4 15.
Nxe4 Bf5 16. Rxc4 Re8 17. Nfd2 Bg5 18. Rxb4 Bxd2+ 19. Kxd2 Rxe4 20. Qd3 a5 21.
Ra4 Qd7 22. b3 b5 23. Qxb5 Rxd4+ 24. Kc3 Rc8+ 25. Kb2 Rd2+ 0-1

[Event "Challengers Cup 2018"]
[Site "?"]
[Date "2018.10.27"]
[Round "1"]
[White "Brandon, Jiang"]
[Black "Rowan, Foxley"]
[Result "1-0"]
[WhiteElo "1893"]
[BlackElo "1568"]
[PlyCount "40"]

1. e4 c5 2. Nf3 d6 3. Bb5+ Nd7 4. O-O a6 5. Bd3 Ngf6 6. c3 g6 7. Bc2 Bg7 8. d4
cxd4 9. cxd4 O-O 10. Qe2 Qc7 11. Nc3 b5 12. e5 dxe5 13. dxe5 Ng4 14.
e6 Nc5 15. exf7+ Rxf7 16. Nd5 Qd6 17. Rd1 e5 18. Ne3 Qf8 19. h3 Nh6 20. Ng5 Rd7
21. Rxd7 Bxd7 22. b4 Ne6 23. Bb3 Re8 24. Qd3 Bc8 25. Ne4 Kh8 26. Nd5 Nf4 27.
Bxf4 exf4 28. Rd1 Bf5 29. f3 Rd8 30. Qd2 Be6 31. Nc5 Bxd5 32. Bxd5 Qd6 33. Nb7
Qxd5 34. Qxd5 Rxd5 35. Rxd5 1-0

[Event "Challengers Cup 2018"]
[Site "?"]
[Date "2018.10.27"]
[Round "1"]
[White "Jeffrey, Yan"]
[Black "Steven, Breckenridge"]
[Result "0-1"]
[WhiteElo "1893"]
[BlackElo "2374"]



1. e4 e5 2. Nf3 Nc6 3. d4 exd4 4. Nxd4 Nf6 5. Nxc6 bxc6 6. e5 Qe7 7. Qe2 Nd5 8. c4 Ba6 9. Nd2 O-O-O 10. g3 g5 11. Bh3 Re8 12. O-O Bg7 13. Re1 Nb6 14. b3 Qxe5 15. Qxe5 Rxe5 16. Ba3 g4 17. Bf1 Ra5 18. Bb4 Rh5 19. Rac1 c5 20. Bc3 Bxc3 21. Rxc3 d6 22. Re7 Rf8 23. Be2 Kd8 24. Re4 f5 25. Rf4 Re8 26. Re3 Re5 27. Nf1 Rg5 28. h4 gxh3 29. Kh2 Nd5 30. Rxe5 dxe5 31. Rh4 Nc3 32. Bf3 e4 33. Bh5 Nxa2 34. Kxh3 Nc1 35. Bd1 Rg7 36. Rh6 Bc8 37. Rc6 Bb7 38. Rxc5 Nd3 39. Rb5 c6 40. Ra5 Nxf2+  0-1

[Event "Challengers Cup 2018"]
[Site "?"]
[Date "2018.10.27"]
[Round "2"]
[White "Steven, Breckenridge"]
[Black "Peter, Watts"]
[Result "1-0"]
[WhiteElo "2374"]
[BlackElo "2020"]



1. e4 d6 2. d4 Nf6 3. Nc3 g6 4. Nf3 Bg7 5. Be2 O-O 6. O-O c6 7. a4 Nbd7 8. e5 Nd5 9. exd6 e6 10. Na2 N5f6 11. c4 c5 12. Nc3 cxd4 13. Nxd4 Nc5 14. Ndb5 a6 15. Nc7 Rb8 16. Be3 b6 17. a5 Nfe4 18. Nxe4 Nxe4 19. Bxb6 Qxd6 20. Qxd6 Nxd6 21. Rad1 Ne8 22. Nxe8 Rxe8 23. b4 Bb7 24. c5 Bf8 25. b5 axb5 26. Bxb5 Rec8 27. Bd7 Rxc5 28. Bxc5 Bxc5 29. Rb1 Bd6 30. Rfd1 Bd5 31. Rxb8+ Bxb8 32. Bc6  1-0

[Event "Challengers Cup 2018"]
[Site "?"]
[Date "2018.10.28"]
[Round "3"]
[White "Ignacio, Perez"]
[Black "Steven, Breckenridge"]
[Result "0-1"]
[WhiteElo "2200"]
[BlackElo "2374"]

1. e4 e5 2. Nf3 Nc6 3. Bb5 a6 4. Ba4 Nf6 5. O-O b5 6. Bb3 Bb7 7. Re1 Bc5 8. c3 d6 9. d4 Bb6 10. Bg5 h6 11. Bh4 g5 12. Bg3 O-O 13. h4 g4 14. Nh2 h5 15. Qc1 Ne8 16. Qh6 Ng7 17. Nd2 Na5 18. Ndf3 gxf3 19. Nxf3 Nxb3 20. Ng5 Qxg5 21. Qxg5 Nxa1 22. Rxa1 exd4 23. e5 dxc3 24. bxc3 dxe5 25. Rd1 f6 26. Qg6 Bc8 27. Qe4 Bf5 28. Qb7 Be6 29. Kh2 Nf5 30. Qc6 Rae8 31. Rd8 Kf7 32. Rd3 Ne7 33. Qb7 Ra8 34. Qf3 Bg4 35. Qe4 Bf5 36. Qe2 Bxd3 37. Qxd3 Rh8 38. a4 Rad8 39. Qc2 Kg7 40. f3 Rd5 41. axb5 axb5 42. Qe2 Bc5 43. f4 Bd6 44. fxe5 Bxe5 45. Qf3 c6 46. Bf4 Bxf4+ 47. Qxf4  0-1

[Event "Challengers Cup 2018"]
[Site "?"]
[Date "2018.10.28"]
[Round "4"]
[White "Steven, Breckenridge"]
[Black "Joseph, Truelson"]
[Result "1-0"]
[WhiteElo "2374"]
[BlackElo "2145"]



1. e4 e5 2. Nf3 Nf6 3. Nc3 Nc6 4. Bb5 Nd4 5. Bc4 Nxf3+ 6. Qxf3 Bc5 7. d3 h6 8. Qg3 Qe7 9. Be3 Bxe3 10. fxe3 Rg8 11. O-O d6 12. Rxf6 Qxf6 13. Rf1  1-0

[Event "Challengers Cup 2018"]
[Site "?"]
[Date "2018.10.27"]
[Round "1"]
[White "David, Bragg"]
[Black "Garrett, Casey"]
[Result "1-0"]
[WhiteElo "2222"]
[BlackElo "1864"]
[PlyCount "85"]

1. e4 e6 2. d3 c5 3. g3 g6 4. Bg2 Bg7 5. f4 d6 6. Nd2 Ne7 7. Ne2 Nbc6 8. O-O
O-O 9. Nf3 Qb6 10. Kh1 Nd4 11. c3 Nxf3 12. Bxf3 e5 13. g4 Rd8 14. f5 d5 15. Qb3
Qa6 16. fxg6 hxg6 17. exd5 Qxd3 18. c4 Qxb3 19. axb3 e4 20. Bxe4 Bxg4 21. Nc3
Nf5 22. Rg1 Bh3 23. Bf4 Nd4 24. Bc7 Re8 25. d6 Nxb3 26. Bxb7 Nxa1 27. Bxa8 Rxa8
28. Rxa1 Bd7 29. Kg2 Bf6 30. Nd5 Bc6 31. Kf1 Bxd5 32. cxd5 Bxb2 33. Re1 Bf6 34.
d7 Kf8 35. Bd6+ Kg7 36. Re8 Rd8 37. Bf8+ Kh7 38. Rxd8 Bxd8 39. d6 c4 40. Be7
Ba5 41. d8=Q Bxd8 42. Bxd8 c3 43. d7 1-0

[Event "Challengers Cup 2018"]
[Site "?"]
[Date "2018.10.27"]
[Round "2"]
[White "Nathan, Liu"]
[Black "Fank, Fagundes"]
[Result "0-1"]
[WhiteElo "1581"]
[BlackElo "1789"]
[PlyCount "36"]

1. d4 Nf6 2. c4 e6 3. Nc3 Bb4 4. Qc2 d5 5. e3 O-O 6. Nf3 Nbd7 7. Bd3 c5 8. O-O
Re8 9. cxd5 exd5 10. dxc5 Nxc5 11. Ne2 Nxd3 12. Qxd3 Bd6 13. h3 Bd7 14. b3 Qb6
15. Ned4 Rac8 16. Bb2 Ne4 17. Rfd1 Bb8 18. Ne2 (18. Nd2 Qg6 19. Nxe4 dxe4 20.
Qf1 Bxh3 21. f4 exf3 22. Qxf3 Bg4 23. Qxb7 Bxd1 24. Rxd1 Qh5 25. Rf1 Qh2+ 26.
Kf2 Qg3+ 27. Kg1 Qxe3+ 28. Kh1 Qh6+ 29. Kg1 Bh2+ 30. Kf2 Qe3#) 18... Qg6 0-1

[Event "Challengers Cup 2018"]
[Site "?"]
[Date "2018.10.27"]
[Round "2"]
[White "Anthony, Hung"]
[Black "Ignacio, Perez"]
[Result "0-1"]
[WhiteElo "1981"]
[BlackElo "2200"]
[PlyCount "54"]

1. c4 Nf6 2. Nf3 g6 3. g3 Bg7 4. Bg2 O-O 5. O-O d6 6. d4 Nbd7 7. Nc3 e5 8. e4
c6 9. h3 Qb6 10. dxe5 dxe5 11. Qe2 Ne8 12. b3 Qb4 13. Bb2 Nc7 14. Rad1 Ne6 15.
Nb1 Qa5 16. Bc3 Qc7 17. Bb4 Ndc5 18. Nc3 Qb6 19. Ba3 Nd4 20. Nxd4 exd4 21. Na4
Nxa4 22. bxa4 Re8 23. c5 Qa5 24. Qc2 Be6 25. Rb1 Rad8 26. Rfd1 Qc3 27. Rd2 Qxa3
0-1

[Event "Challengers Cup 2018"]
[Site "?"]
[Date "2018.10.27"]
[Round "2"]
[White "Minda, Chen"]
[Black "David, Bragg"]
[Result "0-1"]
[WhiteElo "2017"]
[BlackElo "2222"]
[PlyCount "38"]

1. d4 Nf6 2. c4 g6 3. Nc3 Bg7 4. e4 O-O 5. Be2 d6 6. Nf3 Nbd7 7. O-O e5 8. d5
h6 9. Be3 Ne8 10. Nd2 f5 11. f3 f4 12. Bf2 Ndf6 13. b4 g5 14. c5 Rf7 15. Nc4
Bf8 16. a4 h5 17. g4 fxg3 18. hxg3 Bh3 19. Re1 g4 20. f4 exf4 21.
gxf4 Nd7 22. c6 Nb6 23. cxb7 Rb8 24. Na5 Qf6 25. Qd2 Bh6 26. Qd4 Qxf4 27. e5
dxe5 28. Qxf4 Bxf4 29. Red1 Nd6 30. Nc6 Rxb7 31. Nd8 Bh2+ 32. Kxh2
Rxf2+ 33. Kg1 Rg2+ 34. Kh1 Nf5 35. Ne4 Rxe2 36. Nf6+ Kg7 37. Nxh5+ Kg6 38. Nxb7
Kxh5 39. Rd3 Nxd5 0-1

[Event "Challengers Cup 2018"]
[Site "?"]
[Date "2018.10.27"]
[Round "2"]
[White "Sylvain, Gaeremynic"]
[Black "Cleveland Ray, Johnson"]
[Result "1-0"]
[WhiteElo "1838"]
[BlackElo "1534"]
[PlyCount "53"]

1. e4 c5 2. c3 d5 3. exd5 Qxd5 4. d4 Nf6 5. Nf3 cxd4 6. cxd4 Ne4 7. Nc3 Nxc3 8.
bxc3 Nc6 9. Be2 Bf5 10. O-O e6 11. c4 Qa5 12. Qb3 Qb4 13. Qe3 Be7 14. d5 Bc5
15. Qf4 Bd6 16. Qg5 Ne7 17. Bd2 Qb6 18. Bc3 exd5 19. cxd5 f6 20. Qxg7 Rg8 21.
Qh6 Nxd5 22. Qh5+ Rg6 23. Qxf5 Nxc3 24. Bc4 Kf8 25. Rac1 Qc6 26. Rxc3 Be5 27.
Rc2 1-0

[Event "Challengers Cup 2018"]
[Site "?"]
[Date "2018.10.28"]
[Round "2"]
[White "Harley, Greninger"]
[Black "Nicholas, Whale"]
[Result "1/2-1/2"]
[WhiteElo "2123"]
[BlackElo "1914"]
[PlyCount "74"]

1. e4 c5 2. Nc3 Nc6 3. g3 g6 4. Bg2 Bg7 5. d3 d6 6. Be3 Nf6 7. h3 Bd7 8. Qd2
Nd4 9. Nd1 Bc6 10. f4 e5 11. c3 Ne6 12. Ne2 c4 13. Nf2 cxd3 14. Qxd3 exf4 15.
gxf4 Nc5 16. Qc2 Qe7 17. Bd4 O-O 18. Bxc5 dxc5 19. O-O Rfe8 20. Ng3 Qc7 21. Ng4
Rad8 22. Nxf6+ Bxf6 23. e5 Be7 24. Ne4 Qd7 25. Rad1 Qe6 26. c4 Kg7 27. Qc3 Bxe4
28. Bxe4 Rd4 29. Bd5 Qf5 30. Rxd4 cxd4 31. Qf3 b6 32. Qg4 Qxg4+ 33. hxg4 f6 34.
e6 Bd6 35. Kg2 f5 36. gxf5 gxf5 37. Kf3 h6 1/2-1/2

[Event "Challengers Cup 2018"]
[Site "?"]
[Date "2018.10.28"]
[Round "3"]
[White "Ryan, Min"]
[Black "Harley, Granenger"]
[Result "0-1"]
[WhiteElo "1610"]
[BlackElo "2123"]
[PlyCount "54"]

1. d4 d5 2. c4 c6 3. e3 Nf6 4. Nc3 e6 5. Nf3 Nbd7 6. Bd3 dxc4 7. Bxc4 b5 8. Bd3
a6 9. O-O c5 10. b3 Bb7 11. Bb2 Bd6 12. Nb1 Qc7 13. Nbd2 cxd4 14. exd4 Rd8 15.
Qe2 Nd5 16. Be4 N7f6 17. Rfc1 Qb8 18. Kh1 Bf4 19. Re1 O-O 20. g3 Bxd2 21. Nxd2
Nxe4 22. Nxe4 f5 23. Nf6+ Nxf6+ 24. Kg1 Bd5 25. f3 h6 26. Kf2 Nh7 27. Rac1 Rc8
0-1

[Event "Challengers Cup 2018"]
[Site "?"]
[Date "2018.10.28"]
[Round "3"]
[White "Alec, Beck"]
[Black "Garrett, Casey"]
[Result "1-0"]
[WhiteElo "1762"]
[BlackElo "1864"]
[PlyCount "18"]

1. d4 Nf6 2. Nf3 g6 3. Bg5 Bg7 4. Nbd2 d6 5. c3 O-O 6. e4 h6 7. Bh4 c6 8. Qc2 Na6 9. a4 Nc7 10. Bd3 g5 11. Bg3 Nh5 12. Nc4 Nxg3 13. hxg3 g4 14. Nh4 e5 15. dxe5 dxe5 16. Ne3 Qg5 17. Ke2 Ne6 18. Nhf5 Nc5 19. Rh4 Bxf5 20.
exf5 e4 21. Bxe4 Qe7 22. Rxg4 h5 23. f6 Qxf6 24. Rf4 Qh6 25. Rh1 Nxe4 26. Qxe4
Rae8 27. Qf3 Qg6 28. Rf5 Qe6 29. Rf4 Qg6 30. Qxh5 Qc2+ 31. Kf3 Qd3 32. Rg4 Re6 1-0

[Event "Challengers Cup 2018"]
[Site "?"]
[Date "2018.10.28"]
[Round "3"]
[White "David, Bragg"]
[Black "Joseph, Truelson"]
[Result "0-1"]
[WhiteElo "2222"]
[BlackElo "2145"]
[PlyCount "85"]

1. d4 f5 2. g4 fxg4 3. e4 d5 4. e5 c5 5. c3 Nc6 6. Bg2 cxd4 7. cxd4 Bf5 8. Nc3
e6 9. a3 Rc8 10. Nge2 g6 11. b4 a6 12. Be3 Nh6 13. Qd2 Nf7 14. O-O b5 15. f3 h5
16. Rf2 Be7 17. f4 Kf8 18. Nc1 Kg7 19. Nb3 h4 20. Ne2 Qd7 21. Nc5 Bxc5 22. bxc5
Qd8 23. Bf1 Na5 24. Nc1 Nc4 25. Qe1 Be4 26. Rfa2 Nh6 27. a4 Nf5 28. Bxc4 bxc4
29. Rb2 Rb8 30. Raa2 h3 31. Bf2 g3 32. Bxg3 Nxd4 33. Qc3 Nf5 34. Rxb8 Qxb8 35.
Rb2 Qc7 36. Qb4 Nxg3 37. hxg3 Qc8 38. Qb7+ Qxb7 39. Rxb7+ Kh6 40. Rd7 Rc8 41.
a5 Rxc5 42. Kh2 Bf5 43. Rd8 0-1

[Event "Challengers Cup 2018"]
[Site "?"]
[Date "2018.10.28"]
[Round "3"]
[White "David, Bragg"]
[Black "Joseph, Truelson"]
[Result "0-1"]
[WhiteElo "2222"]
[BlackElo "2145"]
[PlyCount "85"]

1. d4 f5 2. g4 fxg4 3. e4 d5 4. e5 c5 5. c3 Nc6 6. Bg2 cxd4 7. cxd4 Bf5 8. Nc3
e6 9. a3 Rc8 10. Nge2 g6 11. b4 a6 12. Be3 Nh6 13. Qd2 Nf7 14. O-O b5 15. f3 h5
16. Rf2 Be7 17. f4 Kf8 18. Nc1 Kg7 19. Nb3 h4 20. Ne2 Qd7 21. Nc5 Bxc5 22. bxc5
Qd8 23. Bf1 Na5 24. Nc1 Nc4 25. Qe1 Be4 26. Rfa2 Nh6 27. a4 Nf5 28. Bxc4 bxc4
29. Rb2 Rb8 30. Raa2 h3 31. Bf2 g3 32. Bxg3 Nxd4 33. Qc3 Nf5 34. Rxb8 Qxb8 35.
Rb2 Qc7 36. Qb4 Nxg3 37. hxg3 Qc8 (37... Rc8 38. Qb7 c3 39. Rb6 Qxb7 40. Rxb7+
Kh6 41. Rd7 Rxc5 42. Kh2 Bf5 43. Rd8 Rc4 44. Rd7 Rxa4 45. g4 Bxg4 46. Kg3 Bf5
47. Ne2 c2 48. Rc7 Ra3+ 49. Kh4 h2 50. Ng3 h1=Q+ 51. Nxh1 Rh3#) 38. Qb7+ Qxb7
39. Rxb7+ Kh6 40. Rd7 Rc8 41. a5 Rxc5 42. Kh2 Bf5 43. Rd8 0-1

[Event "Challengers Cup 2018"]
[Site "?"]
[Date "2018.10.28"]
[Round "?"]
[White "Frank, Fagundes"]
[Black "Minda, Chen"]
[Result "0-1"]
[WhiteElo "1789"]
[BlackElo "2017"]
[PlyCount "88"]

1. d4 Nf6 2. c4 e6 3. Nf3 d5 4. Nc3 Be7 5. Bf4 O-O 6. e3 dxc4 7. Bxc4 c6 8. O-O
b5 9. Bd3 Bb7 10. Qc2 h6 11. e4 Na6 12. a3 Rc8 13. b4 Re8 14. Rfd1 Qb6 15. h3
Red8 16. Rac1 Bxb4 17. axb4 Nxb4 18. Qb1 Nxd3 19. Rxd3 Nd7 20. Be3 a6 21. e5
Qc7 22. Ne4 Nb6 23. Nc5 a5 24. Bd2 Ra8 25. Ne4 Nd5 26. Nd6 b4 27. Nh2 Ne7 28.
Rg3 Ng6 29. Nxf7 Qxf7 30. Rxg6 Qf5 31. Bxh6 Rd7 32. Be3 b3 33. Ng4 Qxb1 34.
Rxb1 Kf7 35. Rg5 a4 36. Bc1 c5 37. Ne3 cxd4 38. Nc4 Bd5 39. Nb6 Be4 40. Ra1 Rc7
41. Bb2 Ra6 42. Rg4 Bf5 43. Nxa4 Bxg4 44. hxg4 Rc4 0-1

[Event "Challengers Cup 2018"]
[Site "?"]
[Date "2018.10.28"]
[Round "3"]
[White "Nicholas, Whale"]
[Black "Viktors, Pupols"]
[Result "0-1"]
[WhiteElo "1914"]
[BlackElo "2200"]
[PlyCount "72"]

1. e4 e6 2. d4 d5 3. exd5 exd5 4. c4 Nf6 5. Nc3 c6 6. Nf3 Bg4 7. Qb3 Qe7+ 8.
Ne5 Be6 9. Bg5 dxc4 10. Bxc4 Bxc4 11. Qxc4 Qe6 12. O-O Be7 13. Rfe1 Na6 14. d5
Nxd5 15. Nxd5 Qxd5 16. Qxd5 cxd5 17. Ng4 f6 18. Nxf6+ Kf7 19. Rxe7+ Kxe7 20.
Nxd5+ Kf7 21. Rd1 Rac8 22. Nc3 h6 23. Be3 Rhd8 24. Rb1 Nc5 25. g3 a6 26. a4 Nb3
27. Ne4 Rd7 28. h4 Rc4 29. Nc3 Nd2 30. Rc1 b5 31. axb5 axb5 32. Kg2 Nb3 33. Re1
b4 34. Ne2 Rd6 35. Bf4 Ra6 36. Rc1 (36. Nc1 Nxc1 37. Rxc1 Rxc1 38. Bxc1 Ke6 39.
Bd2 Rc6 40. Kf3 Kd5 41. b3 Rf6+ 42. Ke2 Kc5 43. Be3+ Kb5 44. Bd4 Re6+ 45. Kd3
g6 46. g4 Re1 47. Be3 Rb1 48. Kc2 Rh1 49. Bxh6 Rxh4 50. Bd2 Rxg4 51. f4 Rg3 52.
Kb2 Kc5 53. Kc2 Rf3 54. Kb2 Kd4 55. Bxb4 Rf2+ 56. Ka3 Rxf4 57. Bd2 g5 58. Ka4
Kd3+) 36... Rxc1 0-1

[Event "Challengers Cup 2018"]
[Site "?"]
[Date "2018.10.27"]
[Round "2"]
[White "Viktors, Pupols"]
[Black "Vignesh, Anand"]
[Result "1/2-1/2"]
[WhiteElo "2200"]
[BlackElo "1996"]
[PlyCount "72"]

1. d4 Nf6 2. c4 e6 3. Nc3 Bb4 4. Bd2 O-O 5. e3 d5 6. Nf3 c5 7. a3 cxd4 8. axb4
dxc3 9. Bxc3 Ne4 10. cxd5 exd5 11. Bd3 Nxc3 12. bxc3 a5 13. O-O Bg4 14. Qc2
Bxf3 15. gxf3 Qg5+ 16. Kh1 Qh5 17. Be2 Ra6 18. f4 Qh3 19. f3 Rh6 20. Rf2 axb4
21. cxb4 Nc6 22. Qd2 Ne7 23. Bd3 g6 24. Rg1 Re8 25. Rgg2 Nf5 26. Bxf5 Qxf5 27.
Rg5 Qb1+ 28. Kg2 Qb3 29. Rxd5 Qxe3 30. Qxe3 Rxe3 31. Rb5 Re7 32. Rd2 Kg7 33.
Kg3 Rh5 34. Rxh5 gxh5 35. Rd5 Re6 36. b5 (36. Rxh5 Rb6 37. b5 Kg6 38. Rd5 f5
39. Re5 Kf6 40. Kf2 Re6 41. Rd5 Kg6 42. Kg3 Rb6 43. Kh4 Re6 44. Re5 Rb6 45. Rd5
) 36... Kg6 1/2-1/2